000 01330cam a22003497a 4500
003 CHAP
005 20220329142551.0
008 011128d2001 mx b r 00110 spa d
010 _a85028
011 _a86000
035 _a96538
040 _cCHAP
090 _aTesis
100 0 0 _aHidalgo Pacheco, Jair Adán.
_955200
245 1 0 _aEvaluación financiera del proyecto de comercialización de frijol que propone la integradora comercial Sinaloa, S.A. de C.V. para el ciclo O-I (2000-2001)
_c/por Jair Adán Hidalgo Pacheco
260 _aChapingo, Méx. :
_bEl autor,
_c2001.
300 _a91 h. :
_bmaps. ; gráfs.
502 _aTesis (Lic. en Economía Agrícola) -- UACH. División de Ciencias Económico-Administrativas
590 _aALEPH
_b10
_c20130110
_lUCH01
_h1444
590 _aBATCH-UPD
_b10
_c20130110
_lUCH01
_h0604
590 _aBATCH-UPD
_b10
_c20130410
_lUCH01
_h0246
590 _aBATCH-UPD
_b10
_c20130914
_lUCH01
_h1438
590 _aCONVERSION
_b10
_c20130109
_lUCH01
_h1347
650 1 4 _aFrijol
_xAspectos económicos.
_943328
650 1 4 _aFrijol
_xMercadeo.
_943406
650 1 4 _aFrijol
_xSinaloa.
_943435
901 _aBK
905 _aMayto Villalobos S.
942 _cFOLL
949 _aTesis
_bBC
_cTES
_d33724000858429
_eTS2
_fc.2
_h38611
_i96538
_si
949 _aTesis
_bBC
_cTES
_d965381
_eTS1
_h38610
_i96538
_sb
999 _c85028
_d85028